<?xml version="1.0" encoding="UTF-8"?>
<marc:record xmlns:marc="http://www.loc.gov/MARC21/slim">
   <marc:leader>00000nam a2200000 a 4500</marc:leader>
   <marc:datafield ind1="1" ind2=" " tag="100">
      <marc:subfield code="a">Blume, Michael</marc:subfield>
      <marc:subfield code="4">aut</marc:subfield>
      <marc:subfield code="e">Verfasser/-in</marc:subfield>
   </marc:datafield>
   <marc:datafield ind1=" " ind2=" " tag="653">
      <marc:subfield code="a">Verschwörungstheorien</marc:subfield>
   </marc:datafield>
   <marc:datafield ind1=" " ind2=" " tag="653">
      <marc:subfield code="a">Hexenverfolgung</marc:subfield>
   </marc:datafield>
   <marc:datafield ind1="0" ind2="0" tag="245">
      <marc:subfield code="a">Verschwörungsglauben</marc:subfield>
   </marc:datafield>
   <marc:datafield ind1="0" ind2="0" tag="245">
      <marc:subfield code="b">der Reiz dunkler Mythen für Psyche und Medien</marc:subfield>
   </marc:datafield>
   <marc:datafield ind1="0" ind2="0" tag="245">
      <marc:subfield code="c">Michael Blume</marc:subfield>
   </marc:datafield>
   <marc:datafield ind1=" " ind2="1" tag="264">
      <marc:subfield code="a">Middletown</marc:subfield>
      <marc:subfield code="c">2017</marc:subfield>
   </marc:datafield>
   <marc:datafield ind1="1" ind2=" " tag="520">
      <marc:subfield code="a">Sehr viele Menschen glauben, dass die Menschheit von bösen Superverschwörungen bedroht werde. Oft haben sich solche Verschwörungsvorwürfe zu mörderischer Gewalt gesteigert, etwa gegen vermeintliche Hexen, gegen Juden, Yeziden, Freimaurer oder demokratische Politiker. Und so wie der Buchdruck die Verbreitung von Verschwörungsschriften wie dem "Hexenhammer" (1486) förderte, breiten sich auch heutige Verschwörungsmythen verstärkt über das Internet aus. In diesem Buch stellt Dr. Blume die Geschichte uralter Verschwörungsmythen wie des Hexereiglaubens und Antisemitismus ebenso vor wie neuere Varianten etwa gegen Geheimbünde, Zuwanderer und Außerirdische.</marc:subfield>
   </marc:datafield>
   <marc:datafield ind1=" " ind2=" " tag="020">
      <marc:subfield code="a">9783945829042</marc:subfield>
      <marc:subfield code="9">9783945829042</marc:subfield>
   </marc:datafield>
   <marc:datafield ind1=" " ind2=" " tag="020">
      <marc:subfield code="a">3945829046</marc:subfield>
      <marc:subfield code="9">3945829046</marc:subfield>
   </marc:datafield>
   <marc:datafield ind1=" " ind2=" " tag="300">
      <marc:subfield code="a">134 Seiten</marc:subfield>
   </marc:datafield>
</marc:record>
